[Event "Titled Tuesday intern op 12th Dec Early"]
[Site "Chess.com INT"]
[Date "2023.12.12"]
[Round "7"]
[White "Erzhanov, Arman"]
[Black "Munoz Sanchez, Miguel Angel"]
[Result "1/2-1/2"]
[WhiteElo "2156"]
[BlackElo "2202"]
[PlyCount "88"]
[EventDate "2023.12.12"]
[EventType "swiss (blitz)"]
[EventRounds "11"]
[EventCountry "USA"]
[SourceTitle "CB51_2023"]
[SourceDate "2023.12.20"]
[SourceVersion "1"]
[SourceVersionDate "2023.12.20"]
[SourceQuality "1"]

1. e4 e6 2. b3 d5 3. Bb2 Nf6 4. e5 Nfd7 5. f4 c5 6. Qg4 b6 7. Nf3 Ba6 8. d3 Nc6 9. a3 h5 10. Qg3 g6 11. Nbd2 Ne7 12. Ng5 Nf5 13. Qh3 Be7 14. Ngf3 Qc7 15. 0-0-0 0-0-0 16. g3 Kb8 17. Re1 Rc8 18. Qg2 b5 19. c4 Nb6 20. Kb1 Rhd8 21. Rc1 dxc4 22. dxc4 bxc4 23. Nxc4 Nxc4 24. Bxc4 Bxc4 25. bxc4 Qc6 26. Qe2 Rc7 27. Rhd1 Rcd7 28. Rxd7 Rxd7 29. Ka2 Nd4 30. Bxd4 cxd4 31. Rb1+ Ka8 32. Qd3 Bc5 33. Rb5 Rb7 34. a4 a6 35. Rxb7 Kxb7 36. Kb3 Qb6+ 37. Kc2 Kc7 38. Qb3 Qc6 39. Nd2 Qg2 40. Qf3 Qxh2 41. Kd3 h4 42. gxh4 Qxh4 43. Ne4 Be7 44. Kxd4 Qe1 1/2-1/2

[Event "Titled Tuesday intern op 12th Dec Early"]
[Site "Chess.com INT"]
[Date "2023.12.12"]
[Round "11"]
[White "Munoz Sanchez, Miguel Angel"]
[Black "Thorfinnsson, Bjorn"]
[Result "0-1"]
[WhiteElo "2202"]
[BlackElo "2353"]
[PlyCount "78"]
[EventDate "2023.12.12"]
[EventType "swiss (blitz)"]
[EventRounds "11"]
[EventCountry "USA"]
[SourceTitle "CB51_2023"]
[SourceDate "2023.12.20"]
[SourceVersion "1"]
[SourceVersionDate "2023.12.20"]
[SourceQuality "1"]

1. e4 e5 2. Nf3 Nc6 3. d4 exd4 4. Bc4 Nf6 5. c3 dxc3 6. 0-0 d6 7. Qb3 Qd7 8. Nxc3 Na5 9. Qb4 Nxc4 10. Qxc4 Be7 11. Bg5 0-0 12. Rad1 Ne8 13. Bxe7 Qxe7 14. Nd5 Qd8 15. e5 c6 16. Ne3 d5 17. Qf4 Nc7 18. Rfe1 Ne6 19. Qg3 g6 20. h4 h5 21. Nf5 Kh7 22. Nd6 b6 23. Re3 Bd7 24. Ng5+ Nxg5 25. hxg5 Be6 26. Rd4 c5 27. Rf4 d4 28. Ra3 Qe7 29. Rf6 c4 30. Raf3 d3 31. Qf4 Rad8 32. Qd2 Rxd6 33. exd6 Qxd6 34. g4 hxg4 35. R3f4 Qe5 36. Qb4 Kg7 37. Qe7 d2 38. Rxe6 d1Q+ 39. Kg2 Qxf4 0-1

[Event "Titled Tuesday intern op 12th Dec Early"]
[Site "Chess.com INT"]
[Date "2023.12.12"]
[Round "1"]
[White "Trost, Edvin"]
[Black "Munoz Sanchez, Miguel Angel"]
[Result "0-1"]
[WhiteElo "2434"]
[BlackElo "2202"]
[PlyCount "146"]
[EventDate "2023.12.12"]
[EventType "swiss (blitz)"]
[EventRounds "11"]
[EventCountry "USA"]
[SourceTitle "CB51_2023"]
[SourceDate "2023.12.20"]
[SourceVersion "1"]
[SourceVersionDate "2023.12.20"]
[SourceQuality "1"]

1. d4 Nf6 2. Nf3 g6 3. g3 Bg7 4. Bg2 c5 5. 0-0 0-0 6. c4 cxd4 7. Nxd4 d5 8. cxd5 Nxd5 9. Nb5 e6 10. N1c3 Nxc3 11. Nxc3 Nc6 12. Qa4 Bd7 13. Be3 Qe7 14. Rfd1 Rfd8 15. Qc4 Rac8 16. Qc5 Qxc5 17. Bxc5 b6 18. Be3 Ne5 19. Bg5 f6 20. Bf4 Nc4 21. b3 Na5 22. Rac1 Kf7 23. Ne4 Rxc1 24. Rxc1 e5 25. Bd2 Nc6 26. Nd6+ Ke6 27. Nb5 Rc8 28. Be3 Bf8 29. Kf1 a6 30. Nc3 b5 31. Ne4 Nd4 32. Rxc8 Bxc8 33. Bxd4 exd4 34. Ke1 Bd7 35. Kd2 f5 36. Ng5+ Ke5 37. Nxh7 Bb4+ 38. Kd1 a5 39. Ng5 a4 40. Bb7 axb3 41. axb3 Kd6 42. Nf3 Kc5 43. Kc2 Ba5 44. Ba6 Kb4 45. Nxd4 Bb6 46. e3 Bxd4 47. exd4 Be6 48. Bb7 Bxb3+ 49. Kd3 Bf7 50. d5 Kc5 51. h4 Bxd5 52. Bc8 Bf7 53. Ke3 b4 54. Ba6 b3 55. Bd3 Kb4 56. Kd4 b2 57. f3 Kb3 58. Ke5 Kc3 59. Bb1 Kd2 60. Kf6 Be8 61. Ke7 Bc6 62. Kf6 Bxf3 63. Kxg6 Be4 64. Bxe4 fxe4 65. h5 b1Q 66. h6 Qb6+ 67. Kg7 Qc7+ 68. Kg8 Qd8+ 69. Kg7 Qg5+ 70. Kh7 Qxg3 71. Kh8 Qh4 72. h7 Qxh7+ 73. Kxh7 e3 0-1

[Event "Titled Tuesday intern op 12th Dec Early"]
[Site "Chess.com INT"]
[Date "2023.12.12"]
[Round "10"]
[White "Turzo, Attila"]
[Black "Munoz Sanchez, Miguel Angel"]
[Result "1-0"]
[WhiteElo "2278"]
[BlackElo "2202"]
[PlyCount "93"]
[EventDate "2023.12.12"]
[EventType "swiss (blitz)"]
[EventRounds "11"]
[EventCountry "USA"]
[SourceTitle "CB51_2023"]
[SourceDate "2023.12.20"]
[SourceVersion "1"]
[SourceVersionDate "2023.12.20"]
[SourceQuality "1"]

1. d4 Nf6 2. Bf4 g6 3. Nf3 Bg7 4. c3 0-0 5. Nbd2 c5 6. dxc5 b6 7. cxb6 Qxb6 8. Qb3 Nc6 9. Qxb6 axb6 10. e4 d6 11. Bb5 Na7 12. Bd3 Be6 13. 0-0 Nc6 14. a3 Nh5 15. Be3 Rfb8 16. Nd4 Bd7 17. Nxc6 Bxc6 18. Nb3 e5 19. Rfd1 Nf4 20. f3 Ba4 21. Bc2 Bh6 22. Kf2 Bf8 23. Rd2 Ra7 24. Rad1 Rd7 25. Nc1 Bxc2 26. Rxc2 Ne6 27. Na2 f5 28. Nb4 Nc5 29. Nc6 Re8 30. b4 Na4 31. c4 fxe4 32. fxe4 Rf7+ 33. Ke2 Be7 34. Rf1 Rxf1 35. Kxf1 Kf7 36. Ke2 Ke6 37. b5 Ra8 38. Kd3 Nc5+ 39. Bxc5 dxc5 40. Rc3 Bg5 41. Kc2 Bf4 42. h3 h5 43. Kb3 g5 44. Rd3 g4 45. a4 Rf8 46. a5 bxa5 47. b6 1-0

[Event "Cali Valle Colombia op-A"]
[Site "Cali Valle Colombia"]
[Date "2022.12.26"]
[Round "2"]
[White "Valderrama Quiceno, Esteban Alberto"]
[Black "Munoz Sanchez, Miguel Angel"]
[Result "1-0"]
[WhiteElo "2435"]
[BlackElo "2225"]
[PlyCount "101"]
[EventDate "2022.12.26"]
[EventType "swiss"]
[EventRounds "9"]
[EventCountry "COL"]
[SourceTitle "CBM 211 Extra"]
[Source "ChessBase"]
[SourceDate "2023.01.31"]
[SourceVersion "1"]
[SourceVersionDate "2023.01.31"]
[SourceQuality "1"]

1. Nf3 d5 2. g3 Nf6 3. Bg2 e6 4. 0-0 Be7 5. d4 0-0 6. c4 dxc4 7. Ne5 c5 8. dxc5 Bxc5 9. Qxd8 Rxd8 10. Nc3 Nbd7 11. Rd1 Be7 12. Nxc4 Nb6 13. Rxd8+ Bxd8 14. Nd6 Nbd5 15. Nxd5 Nxd5 16. e4 Nb4 17. e5 Bd7 18. Bxb7 Rb8 19. Be3 Bc6 20. Bxc6 Nxc6 21. Rc1 Nxe5 22. Bxa7 Ra8 23. Nb5 Nd3 24. Rb1 g5 25. b4 g4 26. a3 e5 27. Rb3 e4 28. Rc3 f5 29. Kf1 h5 30. Be3 Bf6 31. Rb3 Rc8 32. Nd6 Rc2 33. Nxf5 Ra2 34. Rb1 Bg5 35. Bd4 e3 36. Bxe3 Bxe3 37. Nxe3 Rxf2+ 38. Kg1 Re2 39. Ng2 Ra2 40. b5 Rxa3 41. b6 Ra8 42. b7 Rb8 43. Rb5 Kf7 44. Kf1 Kf6 45. Ke2 Ne5 46. Nf4 Nf3 47. Ke3 Nxh2 48. Nd5+ Kf7 49. Nc7 h4 50. Kf2 hxg3+ 51. Kg2 1-0

[Event "Sabaneta op-A 1st"]
[Site "Sabaneta"]
[Date "2022.11.28"]
[Round "6"]
[White "Munoz Sanchez, Miguel Angel"]
[Black "Malka, Samuel"]
[Result "1-0"]
[WhiteElo "2225"]
[BlackElo "2265"]
[PlyCount "49"]
[EventDate "2022.11.25"]
[EventType "swiss"]
[EventRounds "10"]
[EventCountry "COL"]
[SourceTitle "CBM 211 Extra"]
[Source "ChessBase"]
[SourceDate "2023.01.31"]
[SourceVersion "1"]
[SourceVersionDate "2023.01.31"]
[SourceQuality "1"]

1. e4 c5 2. Nf3 Nc6 3. Bb5 e5 4. 0-0 Bd6 5. a4 Nge7 6. c3 0-0 7. d4 cxd4 8. cxd4 exd4 9. Nxd4 Nxd4 10. Qxd4 Qc7 11. h3 Be5 12. Qc4 Qb6 13. a5 Qg6 14. Qd3 a6 15. f4 axb5 16. fxe5 Rxa5 17. Rxa5 Qb6+ 18. Be3 Qxa5 19. Bc5 Qd8 20. Nc3 Re8 21. Qf3 Ng6 22. Qxf7+ Kh8 23. Bd6 b6 24. h4 Nxh4 25. Be7 1-0

[Event "Sabaneta op-A 1st"]
[Site "Sabaneta"]
[Date "2022.11.26"]
[Round "2"]
[White "Munoz Sanchez, Miguel Angel"]
[Black "Zabala, Fidel"]
[Result "1-0"]
[WhiteElo "2225"]
[BlackElo "1920"]
[PlyCount "118"]
[EventDate "2022.11.25"]
[EventType "swiss"]
[EventRounds "10"]
[EventCountry "COL"]
[SourceTitle "CBM 211 Extra"]
[Source "ChessBase"]
[SourceDate "2023.01.31"]
[SourceVersion "1"]
[SourceVersionDate "2023.01.31"]
[SourceQuality "1"]

1. e4 d5 2. exd5 Nf6 3. c4 e6 4. d4 exd5 5. Nc3 h6 6. Nf3 Bb4 7. Qb3 Qe7+ 8. Be2 dxc4 9. Qc2 0-0 10. 0-0 Bg4 11. h3 Bh5 12. Ne5 Bxc3 13. bxc3 Bxe2 14. Qxe2 Nbd7 15. f4 Nb6 16. a4 Nfd5 17. Ba3 Qh4 18. Bxf8 Rxf8 19. Qf3 a5 20. Nd7 Rd8 21. Nxb6 cxb6 22. Rae1 Qf6 23. Re5 Qc6 24. Rb1 f6 25. Rh5 g6 26. Rxh6 Kg7 27. Rh4 Qxa4 28. Qe4 Qe8 29. f5 Qxe4 30. Rxe4 gxf5 31. Ree1 Rd6 32. Rec1 f4 33. Kf2 Kg6 34. Kf3 Re6 35. Rb5 Re3+ 36. Kf2 Nxc3 37. Rxb6 Ne4+ 38. Kg1 Rb3 39. Re6 Kf5 40. Re8 b5 41. h4 c3 42. h5 Rb4 43. h6 Ng5 44. Rxc3 Kg6 45. Rd3 Kxh6 46. d5 Nf7 47. d6 Rb1+ 48. Kf2 Nxd6 49. Rxd6 a4 50. Rxf6+ Kg5 51. Ra6 Rb2+ 52. Re2 Rb3 53. Re5+ Kg4 54. Rg6+ Kh4 55. Re1 Rb2+ 56. Kf3 Kh5 57. Rg8 Rb3+ 58. Kxf4 Rb4+ 59. Kf5 Rb3 1-0

[Event "Titled Tuesday intern op 01st Nov Late"]
[Site "Chess.com INT"]
[Date "2022.11.01"]
[Round "1"]
[White "Munoz Sanchez, Miguel Angel"]
[Black "Postny, Evgeny"]
[Result "1/2-1/2"]
[WhiteElo "2225"]
[BlackElo "2588"]
[PlyCount "120"]
[EventDate "2022.11.01"]
[EventType "swiss (blitz)"]
[EventRounds "11"]
[EventCountry "USA"]
[SourceTitle "EXT 2024"]
[Source "ChessBase"]
[SourceDate "2023.10.10"]
[SourceVersion "1"]
[SourceVersionDate "2023.10.10"]
[SourceQuality "1"]

1. d4 Nf6 2. Nf3 c5 3. g3 cxd4 4. Nxd4 g6 5. Bg2 Bg7 6. c4 Nc6 7. 0-0 0-0 8. Nc3 Nxd4 9. Qxd4 d6 10. e4 Qa5 11. Qd3 Qh5 12. f3 Bh3 13. Be3 Bxg2 14. Kxg2 a6 15. Rac1 Rac8 16. b3 Rfe8 17. Nd5 Nd7 18. f4 f5 19. exf5 Qxf5 20. Qxf5 gxf5 21. Nb6 Nxb6 22. Bxb6 Kf7 23. Rcd1 Rc6 24. Bd4 e5 25. fxe5 dxe5 26. Bc3 Kg6 27. Rd7 b5 28. Rfd1 bxc4 29. R1d6+ Re6 30. Rxe6+ Rxe6 31. bxc4 Rc6 32. Rd5 Rxc4 33. Bxe5 Rc2+ 34. Kf3 Bxe5 35. Rxe5 Rxa2 36. h4 Ra3+ 37. Kf4 Ra4+ 38. Kf3 Kf6 39. Rc5 Ra3+ 40. Kf4 Ra4+ 41. Kf3 a5 42. Rc6+ Ke5 43. Rc5+ Ke6 44. Rc6+ Kd5 45. Rh6 Rb4 46. Rxh7 Kc4 47. Kf4 a4 48. Kxf5 a3 49. Ra7 Kb3 50. Rxa3+ Kxa3 51. h5 Rb3 52. g4 Rh3 53. Kg6 Kb4 54. h6 Kc5 55. h7 Kd6 56. Kg7 Ke6 57. g5 Kf5 58. g6 Kg5 59. h8Q Rxh8 60. Kxh8 Kxg6 1/2-1/2

[Event "Titled Tuesday intern op 01st Nov Late"]
[Site "Chess.com INT"]
[Date "2022.11.01"]
[Round "3"]
[White "Pace, Christopher"]
[Black "Munoz Sanchez, Miguel Angel"]
[Result "1-0"]
[WhiteElo "2053"]
[BlackElo "2225"]
[PlyCount "91"]
[EventDate "2022.11.01"]
[EventType "swiss (blitz)"]
[EventRounds "11"]
[EventCountry "USA"]
[SourceTitle "EXT 2024"]
[Source "ChessBase"]
[SourceDate "2023.10.10"]
[SourceVersion "1"]
[SourceVersionDate "2023.10.10"]
[SourceQuality "1"]

1. d4 Nf6 2. Nf3 g6 3. c4 Bg7 4. Nc3 d6 5. e4 0-0 6. Be2 e5 7. 0-0 exd4 8. Nxd4 Nc6 9. Nc2 Re8 10. f3 Be6 11. Be3 Nd7 12. Qd2 Qh4 13. Bg5 Qh5 14. g4 Qh3 15. Rf2 Nde5 16. Nd5 Bxd5 17. cxd5 Ne7 18. Ne1 f6 19. Bf1 Nxf3+ 20. Rxf3 Qxg4+ 21. Rg3 Qxe4 22. Bg2 Qf5 23. Bh6 Qh5 24. Bxg7 Kxg7 25. Rc1 Rac8 26. Bh3 Nf5 27. Bxf5 Qxf5 28. Nf3 Re7 29. Rf1 Rce8 30. Nd4 Qe5 31. Nf5+ Kf7 32. Nxe7 Rxe7 33. Rf2 h5 34. Rgf3 f5 35. Kg2 Kf6 36. h4 Qe4 37. Qg5+ Kf7 38. Kh2 Qxd5 39. Rxf5+ gxf5 40. Rxf5+ Qxf5 41. Qxf5+ Ke8 42. Qc8+ Kf7 43. Qxb7 Ke6 44. Qxa7 d5 45. Qc5 Ke5 46. Qxe7+ 1-0

[Event "Titled Tuesday intern op 20th Sep Early"]
[Site "Chess.com INT"]
[Date "2022.09.20"]
[Round "11"]
[White "Munoz Sanchez, Miguel Angel"]
[Black "Najdin, Danil"]
[Result "0-1"]
[WhiteElo "2225"]
[BlackElo "2235"]
[PlyCount "58"]
[EventDate "2022.09.20"]
[EventType "swiss (blitz)"]
[EventRounds "11"]
[EventCountry "USA"]
[SourceTitle "EXT 2023"]
[Source "ChessBase"]
[SourceDate "2022.10.05"]
[SourceVersion "1"]
[SourceVersionDate "2022.10.05"]
[SourceQuality "1"]

1. Nf3 Nf6 2. d4 c5 3. c4 cxd4 4. Nxd4 Nc6 5. Nc3 g6 6. g3 Bg7 7. Bg2 0-0 8. 0-0 Qb6 9. Nc2 d6 10. b3 Bd7 11. e4 a5 12. Be3 Qc7 13. Rc1 Nb4 14. Nd5 Nfxd5 15. exd5 Nxa2 16. Bd4 Bxd4 17. Nxd4 Nxc1 18. Qxc1 Qc5 19. Qf4 a4 20. Re1 a3 21. Nf3 a2 22. Ra1 f6 23. h4 b5 24. h5 bxc4 25. hxg6 hxg6 26. Qh6 Rf7 27. bxc4 Qxc4 28. Qxg6+ Rg7 29. Qh6 Qc3 0-1

[Event "Titled Tuesday intern op 20th Sep Early"]
[Site "Chess.com INT"]
[Date "2022.09.20"]
[Round "8"]
[White "Munoz Sanchez, Miguel Angel"]
[Black "Tomaszewski, Kacper"]
[Result "0-1"]
[WhiteElo "2225"]
[BlackElo "2327"]
[PlyCount "64"]
[EventDate "2022.09.20"]
[EventType "swiss (blitz)"]
[EventRounds "11"]
[EventCountry "USA"]
[SourceTitle "EXT 2023"]
[Source "ChessBase"]
[SourceDate "2022.10.05"]
[SourceVersion "1"]
[SourceVersionDate "2022.10.05"]
[SourceQuality "1"]

1. Nf3 d5 2. g3 Nf6 3. c4 e6 4. Bg2 Bd6 5. 0-0 0-0 6. d4 Nc6 7. c5 Be7 8. Nc3 b6 9. cxb6 axb6 10. Bf4 Na5 11. Qc2 c5 12. e3 Ba6 13. Rfd1 c4 14. Ne5 b5 15. a3 Nb3 16. Rab1 b4 17. Nc6 Qd7 18. Nxb4 Bxb4 19. axb4 Nh5 20. e4 Nxf4 21. gxf4 Bb7 22. e5 Qe7 23. b5 f5 24. Qe2 Qh4 25. Qf3 g5 26. Qg3 Qxg3 27. hxg3 gxf4 28. gxf4 Kf7 29. Bf3 Rg8+ 30. Kh2 Ke7 31. b6 Rg6 32. Nb5 Rag8 0-1

[Event "Titled Tuesday intern op 20th Sep Late"]
[Site "Chess.com INT"]
[Date "2022.09.20"]
[Round "2"]
[White "Munoz Sanchez, Miguel Angel"]
[Black "Vlassov, Nikolai"]
[Result "1/2-1/2"]
[WhiteElo "2225"]
[BlackElo "2283"]
[PlyCount "95"]
[EventDate "2022.09.20"]
[EventType "swiss (blitz)"]
[EventRounds "11"]
[EventCountry "USA"]
[SourceTitle "EXT 2023"]
[Source "ChessBase"]
[SourceDate "2022.10.05"]
[SourceVersion "1"]
[SourceVersionDate "2022.10.05"]
[SourceQuality "1"]

1. d4 Nf6 2. Nf3 e6 3. g3 b5 4. e3 Bb7 5. Bxb5 c5 6. Bd3 Qc7 7. c3 Be7 8. Nbd2 g5 9. 0-0 g4 10. Ne5 h5 11. Qc2 d6 12. Bb5+ Kf8 13. Nd3 h4 14. dxc5 hxg3 15. fxg3 dxc5 16. Nf4 Nbd7 17. e4 Ne5 18. Be2 Qc6 19. a4 a6 20. Ra3 Rd8 21. Rb3 Qxa4 22. Nd3 c4 23. Nxe5 cxb3 24. Qxb3 Qxb3 25. Nxb3 Bxe4 26. Bg5 Kg7 27. Nd4 Rh5 28. h4 Rf8 29. Nxg4 Rxg5 30. hxg5 Nxg4 31. Bxg4 Bxg5 32. Re1 Bd5 33. Bf3 Rd8 34. Bxd5 Rxd5 35. Kg2 a5 36. Re4 Bf6 37. Rg4+ Kf8 38. Re4 Bxd4 39. Rxd4 Rxd4 40. cxd4 Ke7 41. Kf3 Kd6 42. Ke4 f5+ 43. Ke3 Kd5 44. b3 Kd6 45. Kd3 Kd5 46. Ke3 Kc6 47. Kf4 Kd5 48. Ke3 1/2-1/2

[Event "Bogota El Tablazo op-A"]
[Site "Bogota"]
[Date "2022.06.26"]
[Round "8"]
[White "Garcia Alarcon, Alvaro"]
[Black "Munoz Sanchez, Miguel Angel"]
[Result "0-1"]
[WhiteElo "1984"]
[BlackElo "2219"]
[PlyCount "117"]
[EventDate "2022.06.23"]
[EventType "swiss"]
[EventRounds "10"]
[EventCountry "COL"]
[SourceTitle "EXT 2023"]
[Source "ChessBase"]
[SourceDate "2022.10.05"]
[SourceVersion "1"]
[SourceVersionDate "2022.10.05"]
[SourceQuality "1"]

1. d4 Nf6 2. c4 g6 3. Nc3 d5 4. Nf3 Bg7 5. cxd5 Nxd5 6. Qb3 Nxc3 7. bxc3 0-0 8. Ba3 b6 9. Rd1 c5 10. e4 cxd4 11. cxd4 Nc6 12. d5 Na5 13. Qb4 Bg4 14. Be2 Re8 15. 0-0 Rc8 16. Rc1 Bh6 17. Rxc8 Qxc8 18. Bb2 Qc2 19. Qd4 f6 20. Bd3 Qc7 21. Qa4 Rc8 22. Nd4 Nc4 23. Bc1 Bd7 24. Qa6 Bf8 25. Nc6 Bxc6 26. Qxc4 Bd7 27. Qxc7 Rxc7 28. Bb2 Kf7 29. Ra1 e5 30. Kf1 Bc5 31. Ke2 Ke7 32. Rc1 Kd6 33. h3 g5 34. Rh1 Rc8 35. f3 Rg8 36. Bc1 h5 37. Bd2 a5 38. Rb1 g4 39. fxg4 hxg4 40. h4 g3 41. Rh1 Bg4+ 42. Kf1 f5 43. exf5 Kxd5 44. h5 e4 45. Be2 Bxf5 46. h6 Rf8 47. Ke1 Bh7 48. Rh5+ Rf5 49. Bf4 Bf2+ 50. Kd1 Rxh5 51. Bxh5 b5 52. Bf7+ Kc5 53. Ke2 a4 54. Be3+ Bxe3 55. Kxe3 b4 56. Be6 Kd6 57. Bc4 Ke5 58. Be2 b3 59. Bc4 0-1

[Event "American Continental 16th"]
[Site "San Salvador"]
[Date "2022.05.07"]
[Round "8"]
[White "Munoz Sanchez, Miguel Angel"]
[Black "Ibarra, Carlos Roberto"]
[Result "0-1"]
[WhiteElo "2226"]
[BlackElo "1739"]
[PlyCount "60"]
[EventDate "2022.05.02"]
[EventType "swiss"]
[EventRounds "11"]
[EventCountry "ESA"]
[SourceTitle "CBM 208 Extra"]
[Source "ChessBase"]
[SourceDate "2022.07.31"]
[SourceVersion "1"]
[SourceVersionDate "2022.07.31"]
[SourceQuality "1"]

1. d4 d5 2. Nf3 e6 3. g3 Bd6 4. Bg2 f5 5. Bf4 Nf6 6. 0-0 Bxf4 7. gxf4 0-0 8. Ne5 Nbd7 9. Nd2 Nxe5 10. fxe5 Ne4 11. f4 b6 12. e3 Ba6 13. Rf3 c5 14. Rh3 Qc7 15. Bxe4 fxe4 16. Qg4 Rf5 17. c4 Qd7 18. cxd5 Qxd5 19. Qg2 cxd4 20. Rg3 dxe3 21. Rxg7+ Kh8 22. Rc1 Rf7 23. Rxf7 Rg8 24. Nf1 Rxg2+ 25. Kxg2 e2 26. Ng3 Qd2 27. Rcc7 e1Q+ 28. Kh3 Bf1+ 29. Kg4 Qdd1+ 30. Kg5 Qd8+ 0-1

[Event "ECU-ch"]
[Site "Salinas"]
[Date "2021.12.18"]
[Round "5"]
[White "Martinez Maya, Steeven Orlando"]
[Black "Munoz Sanchez, Miguel Angel"]
[Result "0-1"]
[WhiteElo "2131"]
[BlackElo "2222"]
[PlyCount "50"]
[EventDate "2021.12.16"]
[EventType "swiss"]
[EventRounds "7"]
[EventCountry "ECU"]
[SourceTitle "EXT 2023"]
[Source "ChessBase"]
[SourceDate "2022.10.05"]
[SourceVersion "1"]
[SourceVersionDate "2022.10.05"]
[SourceQuality "1"]

1. e4 c5 2. Nf3 d6 3. d4 cxd4 4. Nxd4 Nf6 5. Nc3 a6 6. Be3 e6 7. f3 Qc7 8. Qd2 Nbd7 9. 0-0-0 b5 10. g4 Ne5 11. g5 Nfd7 12. f4 Nc4 13. Bxc4 Qxc4 14. Kb1 b4 15. Nce2 Bb7 16. Ng3 Nc5 17. Qe2 a5 18. Rhe1 Be7 19. Bc1 g6 20. Qf2 a4 21. b3 Qa6 22. Bb2 axb3 23. axb3 0-0 24. Nf3 Qa2+ 25. Kc1 Nxb3+ 0-1

[Event "ECU-ch"]
[Site "Salinas"]
[Date "2021.12.17"]
[Round "4"]
[White "Munoz Sanchez, Miguel Angel"]
[Black "Villarroel Escobar, Marco Sebastian"]
[Result "1/2-1/2"]
[WhiteElo "2222"]
[BlackElo "1794"]
[PlyCount "95"]
[EventDate "2021.12.16"]
[EventType "swiss"]
[EventRounds "7"]
[EventCountry "ECU"]
[SourceTitle "EXT 2023"]
[Source "ChessBase"]
[SourceDate "2022.10.05"]
[SourceVersion "1"]
[SourceVersionDate "2022.10.05"]
[SourceQuality "1"]

1. d4 Nf6 2. c4 e6 3. Nf3 d5 4. Nc3 dxc4 5. e3 a6 6. a4 Nc6 7. Bxc4 Bd6 8. 0-0 0-0 9. e4 e5 10. d5 Ne7 11. Ne1 Ng6 12. Nd3 Bg4 13. f3 Bd7 14. Be3 Qe7 15. Qd2 Ne8 16. a5 f5 17. exf5 Bxf5 18. Ne4 Bxe4 19. fxe4 Nf6 20. Nf2 Kh8 21. Rfc1 Nf4 22. g3 Ng6 23. Bf1 h5 24. Bh3 Rfd8 25. Rc4 Nf8 26. Qe2 N8h7 27. Bf5 Nf8 28. Rf1 g6 29. Bh3 N8d7 30. Kg2 Rf8 31. Bg5 Qg7 32. Rfc1 Kh7 33. Be6 Qe7 34. g4 Nc5 35. gxh5 Nxe6 36. dxe6 Qxe6 37. hxg6+ Kxg6 38. Kh1 Kf7 39. Rf1 Rg8 40. Ng4 Rxg5 41. Nxf6 Qxf6 42. Rxf6+ Kxf6 43. Rc1 Rag8 44. Rf1+ Ke7 45. Qc4 R8g7 46. Qd5 c6 47. Qb3 Kd8 48. Qe6 1/2-1/2

[Event "Online Olym Div2 E"]
[Site "Chess.com INT"]
[Date "2020.08.16"]
[Round "8.2"]
[White "Gledura, Benjamin"]
[Black "Munoz Sanchez, Miguel Angel"]
[Result "1-0"]
[WhiteElo "2620"]
[BlackElo "2244"]
[PlyCount "73"]
[EventDate "2020.08.14"]
[EventType "team-tourn (rapid)"]
[EventRounds "9"]
[EventCountry "USA"]
[SourceTitle "CBM 198"]
[Source "ChessBase"]
[SourceDate "2020.10.31"]
[SourceVersion "1"]
[SourceVersionDate "2020.10.31"]
[SourceQuality "1"]
[WhiteTeam "Hungary"]
[BlackTeam "Ecuador"]
[WhiteTeamCountry "HUN"]
[BlackTeamCountry "ECU"]

1. d4 Nf6 2. Nf3 g6 3. g3 Bg7 4. c4 0-0 5. Bg2 c5 6. 0-0 cxd4 7. Nxd4 Nc6 8. Nc3 Qb6 9. Nc2 d6 10. b3 Bd7 11. Bb2 Rfc8 12. Ne3 a6 13. Ncd5 Nxd5 14. Nxd5 Qd8 15. Bxg7 Kxg7 16. Rc1 Be6 17. Qd2 Bxd5 18. Bxd5 e6 19. Bg2 Qa5 20. Rfd1 Rd8 21. Qb2+ Qe5 22. Rc3 Rd7 23. Qd2 Rad8 24. a3 a5 25. Re3 Qc5 26. Qb2+ Kg8 27. h3 b5 28. Rc3 b4 29. axb4 Nxb4 30. Qd2 Ra7 31. Ra1 Qe5 32. Ra4 d5 33. cxd5 Nxd5 34. Rd3 Rb8 35. Bxd5 exd5 36. Rxd5 Qe6 37. Rd8+ 1-0